Taxation and skills
Uložené v:
| Médium: | Kniha |
|---|---|
| Jazyk: | English |
| Vydavateľské údaje: |
Paris
OECD
2017
|
| Edícia: | OECD tax policy studies
|
| Predmet: | |
| Tagy: |
Žiadne tagy, Buďte prvý, kto otaguje tento záznam!
|
MARC
| LEADER | 00000nam a2200000 4500 | ||
|---|---|---|---|
| 001 | 0233302 | ||
| 005 | 20240314123543.8 | ||
| 020 | |a 978-92-64-26937-8 | ||
| 041 | 0 | |a eng | |
| 044 | |a FR | ||
| 245 | 1 | 0 | |a Taxation and skills |
| 264 | 1 | |a Paris |b OECD |c 2017 | |
| 300 | |a 236 s. | ||
| 490 | 1 | |a OECD tax policy studies | |
| 830 | 0 | |a OECD tax policy studies | |
| 610 | 2 | 0 | |a dane |
| 610 | 2 | 0 | |a politika daňová |
| 610 | 2 | 0 | |a politika vzdelávania |
| 610 | 2 | 0 | |a financie verejné |
| 610 | 2 | 0 | |a náklady na vzdelanie |
| 610 | 2 | 0 | |a zručnosti |
| 610 | 2 | 0 | |a investície |
| 610 | 2 | 0 | |a študenti |
| 610 | 2 | 0 | |a štipendiá |
| 610 | 2 | 0 | |a sadzby daňové |
| 610 | 2 | 0 | |a vzdelávanie terciárne |
| 610 | 2 | 0 | |a financovanie |
| 610 | 2 | 0 | |a ukazovatele |
| 610 | 2 | 0 | |a porovnanie štatistické medzinárodné |